Statistiken für Nenne das Musikinstrument Quiz

Klicken Sie hier um das Quiz zu spielen!

Allgemein

  • Dieses Quiz wurde 9.747 mal gespielt
  • Das Durchschnittsergebnis liegt bei 14 aus 20

Antwortstatistiken

Antwort% Korrekt
Gitarre
99%
Violine
99%
Dudelsack
96%
Harfe
94%
Saxophon
90%
Mundharmonika
88%
Klarinette
87%
Horn
86%
Tuba
84%
Maracas
80%
Posaune
80%
Gong
77%
Akkordeon
70%
Panflöte
70%
Banjo
56%
Alphorn
51%
Pauke
49%
Laute
31%
Sitar
17%
Steel Pan
16%

Verteilung der Resultate

Perzentil nach korrekt beantworteten Fragen

Anzahl Personen mit jedem Resultat

Ihre Resultats-Entwicklung

Sie haben dieses Quiz noch nicht gespielt